000
00322nam a2200121Ia 4500
005
20251222140029.0
008
251222s1900||||xx |||||||||||||| ||spa||
082
_a
261/F12
245
0
_a
Confrontación de la Teología y la Cultura:
250
_a
1ra. ed.
264
_b
Facultad de Teología San Vicente Ferrer
942
_c
LIB
999
_c
2883
_d
2883